LEADER 02482nam 2200589 a 450 001 9910461807603321 005 20200520144314.0 010 $a1-280-78304-4 010 $a9786613693433 010 $a0-8213-9520-3 035 $a(CKB)2670000000208432 035 $a(EBL)950621 035 $a(OCoLC)797915579 035 $a(SSID)ssj0000691025 035 $a(PQKBManifestationID)12341302 035 $a(PQKBTitleCode)TC0000691025 035 $a(PQKBWorkID)10641535 035 $a(PQKB)11191560 035 $a(MiAaPQ)EBC950621 035 $a(Au-PeEL)EBL950621 035 $a(CaPaEBR)ebr10576333 035 $a(CaONFJC)MIL369343 035 $a(OCoLC)802049012 035 $a(EXLCZ)992670000000208432 100 $a20120712d2012 uy 0 101 0 $aeng 135 $aur|n|---||||| 181 $ctxt 182 $cc 183 $acr 200 04$aThe little data book on external debt 2012$b[electronic resource] 210 $aWashington, D.C. $cWorld Bank$d2012 215 $a1 online resource (156 p.) 300 $a"From Global Development Finance."--Cover. 311 $a0-8213-8999-8 327 $aContents; Acknowledgments; Foreword; Data notes; Regional tables; All developing countries; East Asia and Pacific; Europe and Central Asia; Latin America and the Caribbean; Middle East and North Africa; South Asia; Sub-Saharan Africa; Income group tables; Low income; Middle income; Country tables (in alphabetical order); Glossary 330 $aThe Little Data Book on External Debt' provides a quick reference for users interested in external debt stocks and flows, major economic aggregates, key debt ratios, and the currency composition of long-term debt for all countries reporting through the Debtor Reporting system. A pocket edition of 'Global Development Finance 2012, Summary and Country Tables', it contains statistical tables for 135 countries as well as summary tables for regional and income groups. 606 $aDebts, External$zDeveloping countries$vStatistics 606 $aFinance$zDeveloping countries$vStatistics 606 $aInternational finance$vStatistics 608 $aElectronic books. 615 0$aDebts, External 615 0$aFinance 615 0$aInternational finance 676 $a332.02402 801 0$bMiAaPQ 801 1$bMiAaPQ 801 2$bMiAaPQ 906 $aBOOK 912 $a9910461807603321 996 $aThe little data book on external debt 2012$92482679 997 $aUNINA LEADER 04204nam 22007215 450 001 9910416527003321 005 20220919221036.0 010 $a981-15-5693-8 024 7 $a10.1007/978-981-15-5693-7 035 $a(OCoLC)1193121916 035 $a(CKB)4100000011409332 035 $a(MiAaPQ)EBC6322027 035 $a(DE-He213)978-981-15-5693-7 035 $a(PPN)250212951 035 $a(EXLCZ)994100000011409332 100 $a20200829d2020 u| 0 101 0 $aeng 135 $aurcnu|||||||| 181 $ctxt$2rdacontent 182 $cc$2rdamedia 183 $acr$2rdacarrier 200 10$aAdvances in Rotor Dynamics, Control, and Structural Health Monitoring$b[electronic resource] $eSelect Proceedings of ICOVP 2017 /$fedited by Subashisa Dutta, Esin Inan, Santosha Kumar Dwivedy 205 $a1st ed. 2020. 210 1$aSingapore :$cSpringer Singapore :$cImprint: Springer,$d2020. 215 $a1 online resource (615 pages) 225 1 $aLecture Notes in Mechanical Engineering,$x2195-4356 311 $a981-15-5692-X 327 $aEstimation of Inertial Parameters of a Rigid Rotor Having Dynamic Unbalance on Active Magnetic Bearing -- Sommerfeld effect characterization in anisotropic non-ideal rotor system -- A Study On Multicomponent Failure Interactions Within a Planetary Gearbox Of a Wind Turbine -- Thrust bearing influence on the stability analysis of turbocharger rotor bearing system -- Impact of Unsteady Aerodynamic Loads on A Large-Scale Horizontal Axis Wind Turbine Rotor in Axial Motion -- Simultaneous estimation of speed dependent parameters in a coupled turbo-generator system. 330 $aThis book consists of selected and peer-reviewed papers presented at the 13th International Conference on Vibration Problems (ICOVP 2017). The topics covered in this book are broadly related to the fields of structural health monitoring, vibration control and rotor dynamics. In the structural health monitoring section studies on nonlinear dynamic analysis, damage identification, viscoelastic model of concrete, and seismic damage assessment are thoroughly discussed with analytical and numerical techniques. The vibration control part includes topics such as multi-storeyed stacked tuned mass dampers, vibration isolation with elastomeric mounts, and nonlinear active vibration absorber. This book will be useful for beginners, researchers and professionals interested in the field of vibration control, structural health monitoring and rotor dynamics. . 410 0$aLecture Notes in Mechanical Engineering,$x2195-4356 606 $aVibration 606 $aDynamical systems 606 $aDynamics 606 $aAcoustical engineering 606 $aAerospace engineering 606 $aAstronautics 606 $aStatics 606 $aVibration, Dynamical Systems, Control$3https://scigraph.springernature.com/ontologies/product-market-codes/T15036 606 $aEngineering Acoustics$3https://scigraph.springernature.com/ontologies/product-market-codes/T16000 606 $aAerospace Technology and Astronautics$3https://scigraph.springernature.com/ontologies/product-market-codes/T17050 606 $aMechanical Statics and Structures$3https://scigraph.springernature.com/ontologies/product-market-codes/T30000 615 0$aVibration. 615 0$aDynamical systems. 615 0$aDynamics. 615 0$aAcoustical engineering. 615 0$aAerospace engineering. 615 0$aAstronautics. 615 0$aStatics. 615 14$aVibration, Dynamical Systems, Control. 615 24$aEngineering Acoustics. 615 24$aAerospace Technology and Astronautics. 615 24$aMechanical Statics and Structures. 676 $a620.3 702 $aDutta$b Subashisa$4edt$4http://id.loc.gov/vocabulary/relators/edt 702 $aInan$b Esin$4edt$4http://id.loc.gov/vocabulary/relators/edt 702 $aDwivedy$b Santosha Kumar$4edt$4http://id.loc.gov/vocabulary/relators/edt 801 0$bMiAaPQ 801 1$bMiAaPQ 801 2$bMiAaPQ 906 $aBOOK 912 $a9910416527003321 996 $aAdvances in Rotor Dynamics, Control, and Structural Health Monitoring$92227336 997 $aUNINA